Planning, strategy and strategic measures for development / (Record no. 3700)

000 -LEADER
fixed length control field 01073cam a2200337 a 4500
001 - CONTROL NUMBER
control field 11822719
003 - CONTROL NUMBER IDENTIFIER
control field Nust
005 - DATE AND TIME OF LATEST TRANSACTION
control field 20210306173044.0
008 - FIXED-LENGTH DATA ELEMENTS--GENERAL INFORMATION
fixed length control field 990616s1999 pk b 001 0 eng
010 ## - LIBRARY OF CONGRESS CONTROL NUMBER
LC control number 99921836
020 ## - INTERNATIONAL STANDARD BOOK NUMBER
Canceled/invalid ISBN 96940723201
025 ## - OVERSEAS ACQUISITION NUMBER
Overseas acquisition number P-E-99921836; 10; 11
035 ## - SYSTEM CONTROL NUMBER
System control number (DLC) 99921836
038 ## - RECORD CONTENT LICENSOR
Staff Name a
040 ## - CATALOGING SOURCE
Original cataloging agency DLC
Transcribing agency DLC
Modifying agency DLC
042 ## - AUTHENTICATION CODE
Authentication code lcode
043 ## - GEOGRAPHIC AREA CODE
Geographic area code d------
050 00 - LIBRARY OF CONGRESS CALL NUMBER
Classification number HC59.7
Item number .N3135 1999
082 00 - DEWEY DECIMAL CLASSIFICATION NUMBER
Classification number 338.9/009172/4
Edition number 21
100 1# - MAIN ENTRY--PERSONAL NAME
Personal name Nasir, A. S.,
Dates associated with a name 1928-
9 (RLIN) 35858
245 10 - TITLE STATEMENT
Title Planning, strategy and strategic measures for development /
Statement of responsibility, etc. A.S. Nasir.
260 ## - PUBLICATION, DISTRIBUTION, ETC.
Place of publication, distribution, etc. Karachi :
Name of publisher, distributor, etc. Royal Book Co.,
Date of publication, distribution, etc. 1999.
300 ## - PHYSICAL DESCRIPTION
Extent xxii, 465 p. ;
Dimensions 23 cm.
504 ## - BIBLIOGRAPHY, ETC. NOTE
Bibliography, etc. note Includes bibliographical references (p. [444]-461) and index.
563 ## - BINDING INFORMATION
Binding note H.B
650 #0 - SUBJECT ADDED ENTRY--TOPICAL TERM
Topical term or geographic name entry element Economic development.
9 (RLIN) 6798
651 #0 - SUBJECT ADDED ENTRY--GEOGRAPHIC NAME
Geographic name Developing countries
General subdivision Economic policy.
9 (RLIN) 7332
906 ## - LOCAL DATA ELEMENT F, LDF (RLIN)
a 7
b cbc
c origode
d 3
e ncip
f 19
g y-gencatlg
942 ## - ADDED ENTRY ELEMENTS (KOHA)
Source of classification or shelving scheme
Koha item type Book
Holdings
Withdrawn status Lost status Source of classification or shelving scheme Damaged status Not for loan Collection code Permanent Location Current Location Shelving location Date acquired Total Checkouts Full call number Barcode Date last seen Price effective from Koha item type
            Central Library (CL) Central Library (CL) General Stacks 11/24/2016   338.9/009172/4 NAS S3H-N-1262 11/24/2016 11/24/2016 Book
            Central Library (CL) Central Library (CL) General Stacks 01/25/2017   338.9/009172/4 NAS S3H-N-1277 01/25/2017 01/25/2017 Book
© 2023 Central Library, National University of Sciences and Technology. All Rights Reserved.